Costumbres populares segovianas de nacimiento, matrimonio y muerte (Record no. 18211)

MARC details
000 -LEADER
campo de control de longitud fija 00934nam a2200265 i 4500
001 - NÚMERO DE CONTROL
campo de control 18211
003 - IDENTIFICADOR DE NÚMERO DE CONTROL
campo de control ES-MaACL
005 - FECHA Y HORA DE LA ÚLTIMA TRANSACCIÓN
campo de control 20240315193702.0
007 - CAMPO FIJO DE DESCRIPCIÓN FÍSICA--INFORMACIÓN GENERAL
campo de control de longitud fija t|
008 - DATOS DE LONGITUD FIJA--INFORMACIÓN GENERAL
campo de control de longitud fija 010813s1996 sp |||| | spa d
020 ## - NÚMERO INTERNACIONAL ESTÁNDAR DEL LIBRO
Número Internacional Estándar del Libro 84-86789-54-0
080 ## - NÚMERO DE LA CLASIFICACIÓN DECIMAL UNIVERSAL
Número de la Clasificación Decimal Universal 39(460.188)
100 1# - ENTRADA PRINCIPAL--NOMBRE DE PERSONA
Nombre de persona Herrero Gómez, Guillermo.
9 (RLIN) 63316
245 10 - MENCIÓN DEL TÍTULO
Título Costumbres populares segovianas de nacimiento, matrimonio y muerte
Resto del título : (Encuesta del Ateneo 1901-1902) /
Mención de responsabilidad, etc. Guillermo Herrero Gómez, Carlos Merino Arroyo.
260 ## - PUBLICACIÓN, DISTRIBUCIÓN, ETC.
Lugar de publicación, distribución, etc. Segovia :
Nombre del editor, distribuidor, etc. Diputación Provincial,
Fecha de publicación, distribución, etc. [1996]
300 ## - DESCRIPCIÓN FÍSICA
Extensión 189 p. ;
Dimensiones 24 cm.
610 24 - PUNTO DE ACCESO ADICIONAL DE MATERIA--NOMBRE DE ENTIDAD CORPORATIVA
Nombre de entidad corporativa o nombre de jurisdicción como elemento de entrada Ateneo de Madrid-
Subdivisión general Encuesta de 1901-1902
9 (RLIN) 1917
650 #7 - PUNTO DE ACCESO ADICIONAL DE MATERIA--TÉRMINO DE MATERIA
Fuente del encabezamiento o término embne
9 (RLIN) 227290
Término de materia o nombre geográfico como elemento de entrada Encuestas
651 #4 - PUNTO DE ACCESO ADICIONAL DE MATERIA--NOMBRE GEOGRÁFICO
Nombre geográfico Segovia (Provincia)-
Subdivisión general Usos y costumbres-
Subdivisión de forma Encuestas.
9 (RLIN) 9376
700 1# - ENTRADA AGREGADA--NOMBRE PERSONAL
Nombre de persona Merino Arroyo, Carlos.
9 (RLIN) 80536
710 1# - ENTRADA AGREGADA--NOMBRE DE ENTIDAD CORPORATIVA
Nombre de entidad corporativa o nombre de jurisdicción como elemento de entrada Segovia (Provincia).
Unidad subordinada Diputación.
9 (RLIN) 175871
852 ## - LOCALIZACIÓN
Ubicación ES-MaACL
Número de control de estantería L-24894
942 ## - ELEMENTOS DE ENTRADA SECUNDARIOS (KOHA)
Fuente del sistema de clasificación o colocación Clasificación decimal universal
Holdings
Estatus retirado Estado de pérdida Estado de daño No para préstamo Colección Biblioteca de origen Biblioteca actual Ubicación en estantería Fecha de adquisición Fuente de adquisición Total de préstamos Signatura topográfica completa Código de barras Visto por última vez Precio de reemplazo Tipo de ítem Koha
        Fondo Ateneo de Madrid Biblioteca del Ateneo de Madrid Biblioteca del Ateneo de Madrid Depósito 2 17/01/2008     L-24894 1018620 23/02/2023 23/02/2023 Libro impreso